| 000 | 00962nam a2200277 i 4500 | ||
|---|---|---|---|
| 003 | DO-SdBNP | ||
| 005 | 20250623134804.0 | ||
| 007 | ta | ||
| 008 | 250623s1983 dr 000 0 spa d | ||
| 040 |
_aDO-SdBNP _bspa _cBNPHU _erda |
||
| 082 |
_axxx _bxxx _222 |
||
| 110 |
_aRepública Dominicana _bInstituto de Capacitación Tributaria de la Secretaría de Estado de Finanzas _916480 |
||
| 245 | 1 | 0 |
_aIncentivos fiscales : _bbase legal / _cpresentación, Luis Naut |
| 250 | _aSegunda edición ampliada | ||
| 264 | 1 |
_aSanto Domingo : _bINCAT , _c1983. |
|
| 300 |
_a316 páginas _c21 cm. |
||
| 336 |
_atexto _btxt _2rdacontent |
||
| 337 |
_asin mediación _bn _2rdamedia |
||
| 338 |
_avolumen _bnc _2rdacarrier |
||
| 490 | 1 |
_aLegislativa ; _v6 ; |
|
| 590 | _aInventariado, 2025/ YL | ||
| 700 | 1 |
_aNaut, Luis _epresentación _935883 _4pr. |
|
| 710 | 2 |
_aInstituto de Capacitación Tributaria (República Dominicana) _973226 |
|
| 910 | _aYLockward | ||
| 942 |
_2ddc _cLBS1 |
||
| 999 |
_c59356 _d59356 |
||